Czy wymienisz wszystkie postacie z Blok Ekipy - Statystyki

Ogólne statystyki
  • Ten quiz został rozwiązany 798 razy
  • Średni wynik to 12 z 19
Statystyki odpowiedzi
Postacie Podpowiedź % Poprawnych
Spejson Główny bohater, sterydziarz
100%
Wojtas Główny bohater, kierowca
96%
Rudy Konfident
93%
Cieślak Największy wróg ziomeczków, ojciec 2 dzieci
91%
Solaris Matka 2 dzieci, była żona
90%
Walo Główny bohater, niski, inteligenty
88%
Pan Wiesio Świetny fachowiec, ojciec głównego bohatera
78%
Wiesław Paleta Znudzony życiem człowiek, głośno pierdzi
74%
Cjalis Raper, discopolowiec, człowiek orkiestra
68%
Łysa Była przyjaciółka Solaris
68%
Kołacina Siedział w więzieniu
56%
Ziółek Przez niego cieślak nie zdał klasy
54%
Maciora Gruby diler
39%
Grażyna Puchacka Matka głównego bohatera
38%
Halina Paleta Żona poprzedniego bohatera
36%
Stulej Na cyklu żuł gumę i ma duży ryj teraz
30%
Gołąb Freestyler, był na barce podczas urodzin Solaris
29%
GRATIS LPG Raper, ziomeczki robią sobie z nim zdjęcie w kiblu
27%
Jowita Puczyk Siostra głównego bohatera
20%
Nie znaleziono quizów pasujących do podanych kryteriów
Rozkład punktacji
Procent ludzi z każdym wynikiem
Percentyl według liczby udzielonych odpowiedzi
Twoja historia wyników
Nie rozwiązałeś tego quizu